Safety code for elevators and escalators : includes requirements for elevators, escalators, dumbwaiters, moving walks, material lifts, and dumbwaiters with automatic transfer devices.

Bibliographic Details
Corporate Authors: American Society of Mechanical Engineers. A17 Elevator and Escalator Committee (Author), Canadian Standards Association. B44 Technical Committee on the Elevator Safety Code (Author), American National Standards Institute
Format: Book
Language:English
Published: New York, NY : American Society of Mechanical Engineers, [2013]
Edition:Twentieth edition.
Subjects:

MARC

Tag First Indicator Second Indicator Subfields
LEADER 00000cam a2200000Ii 4500
001 in00003477721
005 20151206092101.0
008 131216s2013 nyua u 001 0 eng d
020 |a 9780791868577 (ASME) 
020 |a 0791868575 (ASME) 
020 |a 9781771393126 (CSA) 
020 |a 1771393122 (CSA) 
035 |a (OCoLC)ocn865476428 
035 |a (OCoLC)865476428 
040 |a HCO  |b eng  |e rda  |c HCO  |d TXA  |d UtOrBLW 
049 |a TXAM 
050 4 |a TJ1370  |b .S23 2013 
090 |a TJ1372  |b .S34 2013 
245 0 0 |a Safety code for elevators and escalators :  |b includes requirements for elevators, escalators, dumbwaiters, moving walks, material lifts, and dumbwaiters with automatic transfer devices. 
246 3 |a ASME A17.1-2013/CSA B44-13 safety code for elevators and escalators 
250 |a Twentieth edition. 
264 1 |a New York, NY :  |b American Society of Mechanical Engineers,  |c [2013] 
264 4 |c ©2013 
300 |a xxxix, 513 pages :  |b illustrations ;  |c 28 cm 
336 |a text  |b txt  |2 rdacontent 
337 |a unmediated  |b n  |2 rdamedia 
338 |a volume  |b nc  |2 rdacarrier 
500 |a "Twentieth edition, ASME A17.1-2013/CSA B44-13, [approved] May 31, 2013, [issued] October 21, 2013, [effective] April 21, 2014."--Page xii. 
500 |a Prepared by the ASME A17 Elevator and Escalator Committee, and, the CSA B44 Technical Committee on the Elevator Safety Code. 
500 |a "An American National Standard." 
500 |a Includes index. 
500 |a "ASME A17.1-2013/CSA B44-13 (Revision of ASME A17.1-2010 and CSA B44-10)." 
650 0 |a Elevators  |x Standards. 
650 0 |a Escalators  |x Standards. 
650 0 |a Passenger conveyors  |x Standards. 
650 0 |a Elevators  |x Safety measures  |x Standards. 
650 0 |a Escalators  |x Safety measures  |x Standards. 
650 0 |a Passenger conveyors  |x Safety measures  |x Standards. 
710 2 |a American Society of Mechanical Engineers,  |e issuing body,  |e publisher. 
710 2 |a American Society of Mechanical Engineers.  |b A17 Elevator and Escalator Committee,  |e author. 
710 2 |a Canadian Standards Association,  |e issuing body. 
710 2 |a Canadian Standards Association.  |b B44 Technical Committee on the Elevator Safety Code,  |e author. 
710 2 |a American National Standards Institute. 
994 |a C0  |b TXA 
948 |a cataloged  |b h  |c 2014/2/21  |d c  |e blrosas  |f 8:34:47 am 
999 |a MARS 
999 f f |s 393f10cf-fe78-30e9-b09b-f92ff6613388  |i ab095297-aa1a-3d24-ab82-f693a8ae71f3  |t 0 
952 f f |p normal  |a Texas A&M University  |b College Station  |c Sterling C. Evans Library  |d Evans: Library Stacks  |t 0  |e TJ1372 .S34 2013  |h Library of Congress classification  |i unmediated -- volume  |m A14842270408 
998 f f |a TJ1372 .S34 2013  |t 0  |l Evans: Library Stacks